Gifts 2 : (Record no. 6047)
[ view plain ]
| 000 -LEADER | |
|---|---|
| fixed length control field | 00464cam a2200145 a 4500 |
| 020 ## - ISBN | |
| International Standard Book Number | 9781890627966 (pbk.) |
| 050 00 - LIBRARY OF CONGRESS CALL NUMBER | |
| Classification Number | RJ 506.D68 |
| Item Number | G54 2009 |
| 245 00 - TITLE | |
| Title | Gifts 2 : |
| Remainder of title | how people with Down syndrome enrich the world / |
| Statement of responsibility, etc | edited by Kathryn Lynard Soper ; foreword by Madeleine Will. |
| 250 ## - EDITIONSTATEMENT | |
| Edition statement | 1st ed. |
| 260 ## - PUBLICATION, DISTRIBUTION, ETC.(IMPRINT) | |
| Place of publication, distribution, etc | Bethesda, MD : |
| Name of publisher, distributor, etc | Woodbine House, |
| Date of publication, distribution, etc | 2009. |
| 300 ## - PHYSICAL DESCRIPTION | |
| Extent | xxi, 337 p. : |
| 650 #0 - SUBJECT--TOPIC | |
| General subdivision | Patients. |
| 700 1# - ADDED ENTRY--PERSONAL AUTHOR | |
| Personal Name | Soper, Kathryn Lynard. |
| 942 ## - ADDED ENTRY ELEMENTS(KOHA) | |
| Source of classification or shelving scheme | Library of Congress Classification |
| Koha item type | General circulation |
| Source of classification or shelving scheme | Not for loan | Location (home branch) | Sublocation (holding branch) | Shelving location | Date accessioned | Cost, normal purchase price | Full call number | Barcode | Cost, replacement price | Nonpublic note | Koha item type |
|---|---|---|---|---|---|---|---|---|---|---|---|
| Library of Congress Classification | Main Campus Library | Main Campus Library | 16/07/2015 | 1260.00 | RJ 506.D68 G54 2009 | 2015/012961 | 1760.00 | jm | General circulation |